|
|
|
|
| LEADER |
00000cam a2200000 a 4500 |
| 001 |
1/122955 |
| 008 |
210519s2020####gr |adb|||||||||| ||gre|| |
| 020 |
|
|
|a 9786185242947
|
| 040 |
|
|
|a GR-MyUa
|b gre
|c GR-MyUa
|e AACR2
|
| 041 |
0 |
|
|a gre
|
| 082 |
7 |
|
|a 551.22
|2 (23)
|
| 100 |
1 |
|
|a Κουκούβελας, Ιωάννης Κ.
|
| 245 |
1 |
0 |
|a Γεωλογία και σεισμοί /
|c Ιωάννης Κ. Κουκούβελας, Σωτήριος Α. Κοκκάλας, Βασιλική Ν. Ζυγούρη.
|
| 260 |
|
|
|a [Θεσσαλονίκη] :
|b Δίσιγμα,
|c c2020.
|
| 300 |
|
|
|a 443 σ. :
|b εικ., διαγρ.,
|c 30 εκ.
|
| 504 |
|
|
|a Περιλαμβάνει βιβλιογραφικές παραπομπές και ευρετήριο.
|
| 650 |
|
0 |
|a Geology
|
| 650 |
|
0 |
|a Seismology
|
| 650 |
|
0 |
|a Earthquakes
|
| 700 |
1 |
|
|a Κοκκάλας, Σωτήριος.
|
| 700 |
1 |
|
|a Ζυγούρη, Βασιλική Ν.
|
| 852 |
|
|
|a INST
|b LESVOS
|c EUDOXUS
|e 20210519
|h 551.22 ΚΟΥ
|p 005100063371
|q 005100063371
|t EDX
|y 0
|
| 920 |
|
|
|a Εύδοξος
|b Παραγγελία
|y Λέσβος-ΤΓ
|z 2021-05
|
| 970 |
|
|
|a Καμάτσου
|b Δέσποινα
|z 19-05-2021
|